Catálogo
 En Linea

Procedimiento civil romano : (Registro nro. 36157)

Detalles MARC
000 -CABECERA
campo de control de longitud fija 00817nam a2200181 a 4500
001 - NÚMERO DE CONTROL
campo de control 000036666
005 - FECHA Y HORA DE LA ÚLTIMA TRANSACCIÓN
campo de control 20200930075849.0
008 - DATOS DE LONGITUD FIJA--INFORMACIÓN GENERAL
campo de control de longitud fija 120124s1954 es 000 0 spa d
040 ## - FUENTE DE LA CATALOGACIÓN
Centro catalogador/agencia de origen DO-SdBNP
Lengua de catalogación spa
Centro/agencia transcriptor BNPHU
100 1# - ENTRADA PRINCIPAL--NOMBRE DE PERSONA
Nombre de persona Scialoja, Vittorio,
Fechas asociadas al nombre 1856-1933.
9 (RLIN) 62943
245 10 - MENCIÓN DE TÍTULO
Título Procedimiento civil romano :
Resto del título ejercicio y defensa de los derechos /
Mención de responsabilidad, etc. Vittorio Scialoja ; traducción de Santiago Sentis Melendo y Marino Ayerra Redín ; prólogo a la ed. en castellano, por Vincenzo Arangio-Ruiz.
260 ## - PUBLICACIÓN, DISTRIBUCIÓN, ETC.
Lugar de publicación, distribución, etc. Buenos Aires :
Nombre del editor, distribuidor, etc. Ediciones Jurídicas Europa-Américana,
Fecha de publicación, distribución, etc. 1954.
300 ## - DESCRIPCIÓN FÍSICA
Extensión 551 p. ;
Dimensiones 24 cm.
490 1# - MENCIÓN DE SERIE
Mención de serie Ciencia del proceso
Designación de volumen o secuencia 25
500 ## - NOTA GENERAL
Nota general Incluye referencias bibliográficas y notas al pie de las páginas
700 12 - PUNTO DE ACCESO ADICIONAL--NOMBRE DE PERSONA
Nombre de persona Sentís Melendo, Santiago,
Fechas asociadas al nombre tr.
9 (RLIN) 62944
830 #0 - PUNTO DE ACCESO ADICIONAL DE SERIE-TÍTULO UNIFORME
Título uniforme Ciencia del proceso
Designación de volumen o secuencia 25
9 (RLIN) 62945
Existencias
Estado de retiro Estado de pérdida Restricciones de uso No para préstamo Código de colección Localización permanente Ubicación/localización actual Ubicación en estantería Fecha de adquisición Número de inventario Total de préstamos Signatura topográfica completa Código de barras Fecha visto por última vez Precio válido a partir de Tipo de ítem Koha
      Excluido de préstamo Monografías: Libros y Folletos General General En catalogación 24.01.2012 LF1   36666-10 25.06.2020 25.06.2020 No se presta

Con tecnología Koha